Fundamentals of investing. / (Record no. 1273)
[ view plain ]
| 000 -LEADER | |
|---|---|
| fixed length control field | 01139nam a22001697a 4500 |
| 008 - FIXED-LENGTH DATA ELEMENTS--GENERAL INFORMATION | |
| fixed length control field | 120612t xxu||||| |||| 00| 0 eng d |
| 020 ## - INTERNATIONAL STANDARD BOOK NUMBER | |
| International Standard Book Number | 139780321468512 10032146851 |
| 050 ## - LIBRARY OF CONGRESS CALL NUMBER | |
| Classification number | HG4521.G547 |
| 100 ## - MAIN ENTRY--PERSONAL NAME | |
| Personal name | Gitman, Lawrence J. |
| 245 ## - TITLE STATEMENT | |
| Title | Fundamentals of investing. / |
| Statement of responsibility, etc. | Lawrence J. Gitman |
| 260 ## - PUBLICATION, DISTRIBUTION, ETC. | |
| Place of publication, distribution, etc. | Boston: |
| Name of publisher, distributor, etc. | Pearson, |
| Date of publication, distribution, etc. | 2008. |
| 300 ## - PHYSICAL DESCRIPTION | |
| Extent | 681p.: |
| Dimensions | 25cm. |
| 500 ## - GENERAL NOTE | |
| General note | Includes index. |
| 505 ## - FORMATTED CONTENTS NOTE | |
| Formatted contents note | Contents: Preparing to invest: The Investment environment -- Markets and transactions -- Investment information and securities transactions -- Important conceptual tools ; Return and risk -- The Time value of money -- Modern portfolio concepts -- Investing in common stocks : Common stocks -- Stock valuation -- Technical analysis, market efficiency and behavioural finance -- Investing In fixed-income securities : Fixed-income securities -- Bond valuation -- Portfolio management: Mutual funds : professionally managed portfolios -- Managing your own porfolio -- Derivative securities: Options; puts and calls -- Commodities and financial futures -- Appendix A: Financial Tables. |
| 700 ## - ADDED ENTRY--PERSONAL NAME | |
| Personal name | Joehnk, Micheal D. |
| 942 ## - ADDED ENTRY ELEMENTS (KOHA) | |
| Source of classification or shelving scheme | Library of Congress Classification |
| Koha item type | Books |
| Withdrawn status | Lost status | Source of classification or shelving scheme | Damaged status | Not for loan | Home library | Current library | Shelving location | Date acquired | Total Checkouts | Full call number | Barcode | Date last seen | Copy number | Price effective from | Koha item type |
|---|---|---|---|---|---|---|---|---|---|---|---|---|---|---|---|
| Library of Congress Classification | WISCONSIN INTERNATIONAL UNIVERSITY COLLEGE, GHANA - MAIN LIBRARY | WISCONSIN INTERNATIONAL UNIVERSITY COLLEGE, GHANA - MAIN LIBRARY | General Stacks | 12/06/2012 | HG4521.G547 | 3327/12 | 12/06/2012 | 1 | 12/06/2012 | Books | |||||
| Library of Congress Classification | WISCONSIN INTERNATIONAL UNIVERSITY COLLEGE, GHANA - MAIN LIBRARY | WISCONSIN INTERNATIONAL UNIVERSITY COLLEGE, GHANA - MAIN LIBRARY | General Stacks | 12/06/2012 | HG4521.G5471 | 3328/12 | 12/06/2012 | 2 | 12/06/2012 | Books |
